000 00557nam a2200205 u 4500
005 20240228064108.0
008 121108s2011 r 000 0 eng d
020 _a9789802570263
035 _aUPN01000188272
049 _aI
050 4 _aPZ78
_bE8.8
245 0 0 _aEstaba la pájara pinta /
_cil. Morella Fuenmayor.
260 _aCaracas :
_bEkaré,
_c2011.
300 _a[12] p. :
_bil. col.
440 0 _aPikinini
650 4 _aLibros y lectura para niños
_92290
700 1 _aFuenmayor, Morella,
_eil.
905 _aInfantil
999 _c160375
_d160375